000 00668nam a2200193Ia 4500
001 23539
003 GE_BSU
008 181216s||||||||xx |||||||||||||| ||und||
040 _cGE_BSU
245 _aРеферативный журна Электронное издание. л1:3Б. Математический анализ №8. 2018
260 _aмосква
260 _c2018г
300 _acd
653 _acd
653 _aМатематика
653 _aРеферативный журнал Электронное издание. 13Б. Математический анализ №8. 2018
653 _aმათემატიკა
942 _cCF
999 _c56426
_d56426